|
|
|
|
| LEADER |
00000nab a2200000 a 4500 |
| 001 |
vtls011730324 |
| 003 |
SK-MaSNL |
| 005 |
20260303112521.0 |
| 008 |
230121|1964 xo |||||||||||||||||slo |
| 015 |
|
|
|a SNBRB
|
| 035 |
|
|
|a (urnnbn)urn:nbn:sk:snk:ar-a05wl3
|
| 035 |
|
|
|a urn:nbn:sk:snk-abf89f
|
| 035 |
|
|
|a (uuid)80a068e2-2911-4964-b7fc-37dbd900f50d
|
| 040 |
|
|
|a SNKBUCL
|b slo
|c SNKBUCL
|e AACR2
|
| 041 |
0 |
|
|a slo
|
| 044 |
|
|
|a xo
|c SK
|
| 100 |
1 |
|
|a Májek, Štefan
|4 aut
|9 1125867
|
| 245 |
1 |
0 |
|a PEČEŇOVÉ CHOROBY A DIÉTA (dokonč.)
|b II. Chronický zápal pečene
|c Štefan Májek
|
| 773 |
0 |
|
|t Výživa a zdravie : časopis pre výživu a zdravý životný štýl
|g Roč. 9, č. 5 (1964), s. 106
|
| 954 |
|
|
|a odborná, vedecká literatúra pôvodná (slovenská)
|2 lita
|
| 958 |
|
|
|a OND
|
| 958 |
|
|
|a EUIPO
|
| 958 |
|
|
|a article24
|
| 999 |
|
|
|c 1885113
|d 1887043
|